| 000 | 00541nam a2200193Ia 4500 | ||
|---|---|---|---|
| 003 | LDD | ||
| 008 | 181029s9999 xx 000 0 und d | ||
| 020 |
_a387254250 _cE49.95 |
||
| 040 | _cLDD | ||
| 100 | _aLessenger, James E. | ||
| 245 | 0 |
_aAgricultural medicine _ba practical guide _cJames E. Lessenger |
|
| 260 |
_aNew York _bSpringer _c2006 |
||
| 300 | _axvii, 541p | ||
| 365 | _bE 49.95 | ||
| 901 |
_a3891 _b20-03-2007 |
||
| 902 |
_aSBS/410/D/06 _b23-03-2007 _cF _dSBS _e0 |
||
| 903 |
_aDiscount-10 _bReqst by : M C Nair |
||
| 942 |
_2ddc _cBK |
||
| 999 |
_c78823 _d78823 |
||